书目信息 |
| 题名: |
西班牙民族革命战争
|
|
| 作者: | 周希奋 编 | |
| 分册: | ||
| 出版信息: | 北京 商务印书馆 1983 |
|
| 页数: | 46页 | |
| 开本: | 19cm | |
| 丛书名: | 外国历史小丛书 | |
| 单 册: | ||
| 中图分类: | K551.52 | |
| 科图分类: | ||
| 主题词: | 通史--西班牙 | |
| 电子资源: | ||
| ISBN: | ||
| 000 | 00703nam2 2200265 45 | |
| 001 | 0183004201 | |
| 005 | 20040510144237.3 | |
| 010 | @dCNY0.16 | |
| 091 | @a11017.621 | |
| 100 | @a19950313d1983 em y0chiy0121 ea | |
| 101 | 0 | @achi |
| 102 | @aCN@b110000 | |
| 105 | @ay 000yy | |
| 106 | @ar | |
| 200 | 10 | @a西班牙民族革命战争@Axi ban ya min zu ge ming zhan zheng@f周希奋 |
| 210 | @a北京@c商务印书馆@d1983 | |
| 215 | @a46页@d19cm | |
| 225 | 2 | @a外国历史小丛书 |
| 410 | 0 | @120010@a外国历史小丛书 |
| 606 | @a通史@y西班牙 | |
| 690 | @aK551.52@v3 | |
| 701 | 0 | @a周希奋@Azhou xi fen@4编 |
| 801 | 0 | @aCN@b上海图书馆@c20040510 |
| 801 | 2 | @aCN@bNLC@c20040510 |
| 905 | @f3@b94570-572@dK551.52@e1 | |
| 西班牙民族革命战争/周希奋.-北京:商务印书馆,1983 |
| 46页;19cm.-(外国历史小丛书) |
| ISBN :CNY0.16 |
| ● |
| 相关链接 |
|
|
|
|
正题名:西班牙民族革命战争
索取号:K551.52/1
 
预约/预借
| 序号 | 登录号 | 条形码 | 馆藏地/架位号 | 状态 | 备注 |
| 1 | 0094570 | 001415515 | 第二样本阅览室/ [索取号:K551.52/1] | 在馆 | |
| 2 | 0094571 | 001415524 | 第二借阅区/ [索取号:K551.52/1] | 在馆 | |
| 3 | 0094572 | 001415506 | 第二借阅区/ [索取号:K551.52/1] | 在馆 |